000 00664nam a2200241Ia 4500
003 OSt
005 20220924114944.0
006 a|||||r|||| 00| 0
007 ta
008 220923b |||||||| |||| 00| 0 ben d
020 _a8176122432 (hbk)
024 _a297089
037 _cTextual
040 _aARTS
_cARTS
_bben
041 _2ben
_aben
082 _aO157,3NSI,1, N8
100 _aSiraj Sayed Mustafa
_9176231
245 0 _aRoadsaher o punarbasan
260 _aCalcutta
_bDey's Publishing India
_c1998
650 _aBENGALI LITERATURE
942 _hO157,3NSI,1, N8
_cTEXL
_2CC
999 _c396146
_d396146